000 01063nam a2200241 i 4500
001 162882
003 ES-MaACL
005 20251002200915.0
008 991124q1855 sp |||| | spa d
100 1 _aRada y Delgado, Juan de Dios de la.
_994904
245 1 4 _aLos nuevos bronces de Osuna que se conservan en el Museo Arqueológico Nacional /
_cestudio por Juan de Dios de la Rada y Delgado y Eduardo de Hinojosa.
260 _a[S.l. :
_bs.n.,
_cca. 1855]
300 _a62 p. ;
_c45 cm.
530 _aDisponible en formato digital.
594 _aTítulo y autores tomados de comienzos del texto.
596 _aProbablemente impreso en la 2ª mitad del S. XIX.
650 4 _aInscripciones latinas-
_zOsuna.
_9152282
651 4 _aOsuna-
_xRestos arqueológicos romanos.
_9152283
700 1 _aHinojosa y Naveros, Eduardo de,
_d1852-1919
_9125519
852 _aES-MaACL
_jC-2194
_z- Enc. hol.
856 _uhttp://www.bibliotecavirtualdeandalucia.es/catalogo/es/consulta/registro.cmd?id=9058
_zBiblioteca Virtual de Andalucía
999 _c162882
_d162882